Gdzie odbył się ten mecz reprezentacji Polski? #2 - Statystyki

Ogólne statystyki
  • Ten quiz został rozwiązany 13 razy
  • Średni wynik to 3 z 10
Statystyki odpowiedzi
Data Kto grał Kraj % Poprawnych
24.06.2018 Polska - Kolumbia Rosja
100%
16.06.2008 Polska - Chorwacja Austria
75%
23.06.2021 Polska - Szwecja Rosja
75%
27.05.2008 Polska - Albania Niemcy
17%
06.02.2008 Polska - Czechy Cypr
8%
07.02.2009 Polska - Litwa Portugalia
8%
09.02.2011 Polska - Norwegia Portugalia
8%
14.12.2012 Polska - Macedonia Północna Turcja
8%
02.06.2010 Polska - Serbia Austria
0%
09.06.2009 Polska - Irak Republika Południowej Afryki
0%
Nie znaleziono quizów pasujących do podanych kryteriów
Rozkład punktacji
Procent ludzi z każdym wynikiem
Percentyl według liczby udzielonych odpowiedzi
Twoja historia wyników
Nie rozwiązałeś tego quizu